[Event "San Francisco TNM Summer op"]
[Site "San Francisco"]
[Date "2009.06.16"]
[Round "4"]
[White "Dembling, Arthur"]
[Black "Toolis, Patrick"]
[Result "1-0"]
[WhiteElo "1711"]
[BlackElo "1247"]
[PlyCount "69"]
[EventDate "2009.05.26"]
[EventType "swiss"]
[EventRounds "8"]
[EventCountry "USA"]
[SourceTitle "EXT 2012"]
[Source "ChessBase"]
[SourceDate "2011.11.24"]
[SourceVersion "1"]
[SourceVersionDate "2011.11.24"]
[SourceQuality "1"]

1. e4 e5 2. Nf3 d6 3. d4 exd4 4. Nxd4 Nf6 5. Nc3 h6 6. Bc4 Be7 7. Be3 0-0 8. Qd2 a6 9. f3 b5 10. Bd3 c5 11. Nf5 Bxf5 12. exf5 d5 13. Bf4 b4 14. Na4 c4 15. Be2 Nc6 16. 0-0-0 Qa5 17. b3 c3 18. Qe1 Nh5 19. Be3 Qd8 20. g4 Bg5 21. Qf2 d4 22. f4 Qe7 23. fxg5 dxe3 24. Qf3 Qxg5 25. gxh5 Ne5 26. Qe4 Rae8 27. Rhg1 Nf3 28. Qxf3 Qh4 29. f6 Qf2 30. Qg4 Qxf6 31. Nc5 Re7 32. Nd7 Qg5 33. Qxg5 hxg5 34. Nxf8 Kxf8 35. Rxg5 1-0

[Event "San Francisco TNM Summer op"]
[Site "San Francisco"]
[Date "2009.06.09"]
[Round "3"]
[White "Chan, John"]
[Black "Toolis, Patrick"]
[Result "0-1"]
[WhiteElo "1622"]
[BlackElo "1247"]
[PlyCount "108"]
[EventDate "2009.05.26"]
[EventType "swiss"]
[EventRounds "8"]
[EventCountry "USA"]
[SourceTitle "EXT 2012"]
[Source "ChessBase"]
[SourceDate "2011.11.24"]
[SourceVersion "1"]
[SourceVersionDate "2011.11.24"]
[SourceQuality "1"]

1. c4 e6 2. Nc3 Nf6 3. Nf3 h6 4. g3 Be7 5. d4 0-0 6. Qc2 Nc6 7. a3 b6 8. h3 d6 9. g4 Nh7 10. e4 Bf6 11. Be3 Bg5 12. Nxg5 Nxg5 13. Bg2 Bb7 14. h4 Nh7 15. 0-0-0 Qd7 16. Rhg1 Qe7 17. Rh1 Na5 18. Na2 Ba6 19. Bf1 Rac8 20. Nb4 Bb7 21. f3 c5 22. Na2 cxd4 23. Bxd4 d5 24. Bc3 Nxc4 25. Bxc4 Rxc4 26. exd5 Bxd5 27. Qe2 Qb7 28. Rhf1 Rf4 29. Qe5 Rf6 30. g5 Rg6 31. gxh6 f6 32. Qh5 Rxh6 33. Qg4 Bxa2 34. Rfe1 Rf7 35. Rd8+ Nf8 36. Red1 Bd5 37. Rd3 Qc7 38. Re8 Re7 39. Rxe7 Qxe7 40. Bb4 Qc7+ 41. Rc3 Qd7 42. Qf4 e5 43. Qe3 Rxh4 44. Qf2 Rh1+ 45. Kc2 Qf5+ 46. Kd2 Qf4+ 47. Qe3 Rh2+ 48. Kc1 Qg3 49. Rc8 Qg2 50. Rxf8+ Kh7 51. Bd2 Bxf3 52. Rd8 Qf1+ 53. Qe1 Qc4+ 54. Kb1 Rh1 0-1